000 00292nam a22001337a 4500
008 181107b xxu||||| |||| 00| 0 eng d
020 _a9780345295705
041 _aeng
080 _a370
100 _a49
101 _aEDU
245 _aAn Incomplete Education
_cJones.J
942 _2udc
_cBK
999 _c52104
_d52104